All foreign players Hearts Of Midlothian - Statistics

General Stats
  • This quiz has been taken 20 times
  • The average score is 56 of 164
Answer Stats
Hint Answer % Correct
Cameron Devlin
88%
Kyle Rowles
75%
Rudi Skácel
75%
Antti Niemi
69%
Kenneth Vargas
69%
Morgaro Gomis
69%
Nathaniel Atkinson
69%
Peter Haring
69%
Prince Buaben
69%
Edgaras Jankauskas
63%
Kyosuke Tagawa
63%
Perry Kitchen
63%
Beni Baningime
56%
David Obua
56%
Deividas Česnauskis
56%
Dylan McGowan
56%
Michal Pospíšil
56%
Panagiotis Fyssas
56%
Roman Bednář
56%
Ryan McGowan
56%
Yutaro Oda
56%
Alim Öztürk
50%
Arnaud Djoum
50%
Calem Nieuwenhof
50%
Christian Nadé
50%
Eggert Jónsson
50%
Igor Rossi
50%
José Gonçalves
50%
Malaury Martin
50%
Marius Žaliūkas
50%
Osman Sow
50%
Pasquale Bruno
50%
Peter Van De Ven
50%
Stefano Salvatori
50%
Uche Ikpeazu
50%
Bruno Aguiar
44%
Ibrahim Tall
44%
José Quitongo
44%
Juanjo
44%
Julien Brellier
44%
Kenny Anderson
44%
Manuel Milinković
44%
Mihai Popescu
44%
Oliver Bozanić
44%
Pallardó
44%
Ricardo Fuller
44%
Saulius Mikoliūnas
44%
Stéphane Adam
44%
Suso Santana
44%
Thomas Flögel
44%
Andraž Struna
38%
Armand Gnanduillet
38%
Bjørn Johnsen
38%
Błażej Augustyn
38%
Dario Zanatta
38%
Garang Kuol
38%
Gilles Rousset
38%
Hans Eskilsson
38%
Husref Musemić
38%
János Balogh
38%
Joel Pereira
38%
Juanma Delgado
38%
Juho Mäkelä
38%
Juwon Oshaniwa
38%
Kevin McKenna
38%
Laryea Kingston
38%
Loïc Damour
38%
Marián Kello
38%
Mehdi Taouil
38%
Palazuelos
38%
Patrick Kisnorbo
38%
Pereira
38%
Ryotaro Meshino
38%
Stéphane Mahé
38%
Tommi Grönlund
38%
Adrian Mrowiec
31%
Alexandros Tziolis
31%
Arvydas Novikovas
31%
Ben Garuccio
31%
Clevid Dikamona
31%
Colin Miller
31%
Danny Amankwaa
31%
David Vaněček
31%
Faycal Rherras
31%
Género Zeefuik
31%
Gordan Petrić
31%
Krystian Nowak
31%
Mauricio Pinilla
31%
Orestis Kiomourtzoglou
31%
Roald Jensen
31%
Stéphane Paille
31%
Teuvo Moilanen
31%
Vincent Guérin
31%
Zdeněk Zlámal
31%
Abiola Dauda
25%
Adão
25%
Aleksandar Petkov
25%
Andrius Velička
25%
Audrius Kšanavičius
25%
Camazzola
25%
Donis Avdijaj
25%
Eduardas Kurskis
25%
Fitzroy Simpson
25%
Gervane Kastaneer
25%
Jean-Louis Valois
25%
Kęstutis Ivaškevičius
25%
Lennard Sowah
25%
Luděk Stracený
25%
Marcel Langer
25%
Marcus Godinho
25%
Mark De Vries
25%
Nerijus Barasa
25%
Rafał Grzelak
25%
Robert Tomaschek
25%
Ryan Edwards
25%
Soufian El Hassnaoui
25%
Viktor Noring
25%
Anastasios Avlonitis
19%
Anthony Basso
19%
Arkadiusz Klimek
19%
Arnas Lekevičius
19%
Christian Schandl
19%
David Witteveen
19%
Dawid Kucharski
19%
Denys Prychynenko
19%
Dylan N'Guene
19%
Éric Dewilder
19%
Evaldas Razulis
19%
Fabien Leclercq
19%
Fernando Screpis
19%
George Wright
19%
Harry Paton
19%
Hristos Karypidis
19%
Isma
19%
Ismaël Bouzid
19%
Kevin Silva
19%
Marius Činikas
19%
Marius Kižys
19%
Markus Holemar
19%
Martin Petráš
19%
Matej Rapnik
19%
Matthew Falzon
19%
Matthew Park
19%
Mike Tullberg
19%
Mirsad Bešlija
19%
Mohamed Berthe
19%
Nikolay Todorov
19%
Peter Enckelman
19%
Raïs M'Bolhi
19%
René Møller
19%
Ričardas Beniušis
19%
Stéphane Dedebant
19%
Tiago Costa
19%
Ange Oueifio
13%
Erik Sørensen
13%
Haraldur Björnsson
13%
Hjálmar Þórarinsson
13%
Linas Pilibaitis
13%
Milan Barjaktarevic
13%
Mohamed El Ouriachi
13%
Rocky Visconte
13%
Roger Vaaler
13%
Tomas Kančelskis
13%
William Prunier
13%
No matching quizzes found
Score Distribution
Percent of People with Each Score
Percentile by Number Answered
Your Score History
You have not taken this quiz